Cost Accounting: Planning and Control, 7/e (Record no. 297608)
[ view plain ]
| 000 -LEADER | |
|---|---|
| fixed length control field | 00335 a2200133 4500 |
| 001 - CONTROL NUMBER | |
| control field | 62535 |
| 082 ## - DEWEY DECIMAL CLASSIFICATION NUMBER | |
| Classification number | 657.42 MAT |
| 090 ## - LOCALLY ASSIGNED LC-TYPE CALL NUMBER (OCLC); LOCAL CALL NUMBER (RLIN) | |
| -- | 37179 |
| -- | 37179 |
| 100 ## - MAIN ENTRY--PERSONAL NAME | |
| Personal name | Matz Adolph PhD; Usry F.Milton PhD |
| 245 ## - TITLE STATEMENT | |
| Title | Cost Accounting: Planning and Control, 7/e |
| 250 ## - EDITION STATEMENT | |
| Edition statement | 7 |
| 260 ## - PUBLICATION, DISTRIBUTION, ETC. | |
| Place of publication, distribution, etc. | ND |
| Name of publisher, distributor, etc. | Printice Hall |
| Date of publication, distribution, etc. | 2005 |
| 300 ## - PHYSICAL DESCRIPTION | |
| Extent | xiii, 880 p. |
| 942 ## - ADDED ENTRY ELEMENTS (KOHA) | |
| Institution code [OBSOLETE] | NUST-CAE |
| Call number prefix | 657.42 MAT |
| Withdrawn status | Lost status | Damaged status | Not for loan | Collection code | Permanent Location | Current Location | Date acquired | Total Checkouts | Full call number | Barcode | Date last seen | Price effective from | Koha item type |
|---|---|---|---|---|---|---|---|---|---|---|---|---|---|
| College of Aeronautical Engineering (CAE) | College of Aeronautical Engineering (CAE) | 04/03/2017 | 657.42 MAT | CAEG-6071 | 04/05/2017 | 04/05/2017 | Book |
